000 03411cam a2200397 4500500
005 20251228080633.0
041 _afre
042 _adc
100 1 0 _aPetitqueux-Glaser, Cécile
_eauthor
700 1 0 _aAcef, Saïd
_eauthor
700 1 0 _aMottaghi, Mohsen
_eauthor
245 0 0 _aCase management : quelles compétences professionnelles pour un accompagnement global et un suivi coordonné en santé mentale ?
260 _c2010.
500 _a15
520 _aLe case management est un processus qui évalue l’interaction des individus avec l’environnement. Il permet d’établir un plan global d’intervention suffisamment souple pour être réactif et intégré. Le case management vise à aider les sujets vulnérables à maintenir et améliorer leurs compétences dans leur environnement habituel. Ce processus de soins et de services est multidimensionnel, dynamique et longitudinal. Le Québec, les États-Unis et la Grande Bretagne développent des modèles de case management. Dans le contexte français, il existe des formes proches du case management dans les pratiques de secteurs qu’ils s’agissent des pratiques infirmières ou des travailleurs sociaux. On parle alors de la référence soignante ou éducative, des fonctions de coordonnateur des soins ou de parcours/projet. Cet article a pour objectif de présenter les formes et présupposés théoriques du case management, d’en discuter les conditions de mise en œuvre, les limites et l’adaptation possible de cette approche en France. Enfin, un lien sera fait entre le case management et l’intégration des soins et des services en réseau.
520 _aCase management: what skills are needed to support comprehensive and coordinated mental health after care?Case management is a process assessing the correlation between the individuals and their environment. This process defines a global plan of services, flexible intervention, aimed at being reactive and integrated. Case management aims to helping vulnerable patients to support and improve their skills. This process of care and global services offers multidimensional, dynamic and long-time after care. Canada, the United States and Great Britain have already developed this kind of approach. In France, there are some similar forms of practices (nurses and social workers). This article aims to introduce the different forms of work and case management theory. Then, we will discuss the conditions of its implementation, theirs limits and the adaptation of this clinical and organizational approach in France. Finally, a link will be made between case management and the models of integrated services and network integrated services.
690 _aaccompagnement
690 _acase management
690 _acoordination
690 _aintégration des soins et des services
690 _apsychiatrie
690 _aréférence éducative
690 _aréseau
690 _asanté mentale
690 _asuivi
690 _atravail social
690 _acare
690 _acase management
690 _aeducational reference
690 _aintegrated health and social services
690 _anetwork
690 _apsychiatry
690 _asocial work
786 0 _nVie sociale | 1 | 1 | 2010-03-01 | p. 109-128 | 0042-5605
856 4 1 _uhttps://shs.cairn.info/revue-vie-sociale-2010-1-page-109?lang=fr&redirect-ssocas=7080
999 _c1598531
_d1598531